000 00990nam a2200229 a 4500
008 120416s1992 ||||||||||||||||| || u
020 _a0521413753
050 _aQD 51 Che
100 _aBach, P. H. (Peter H.)
245 1 0 _aChemical safety matters
260 _aCambridge:
_bCambridge University Press
_c1992
300 _axviii, 284p. : ill.
350 _a0.00
500 _aBibliography
650 _aCHEMICAL LABORATORIES--WASTE DISPOSAL
650 _aCHEMICAL LABORATORIES--SAFETY MEASURES
650 0 _aCHEMISTRY--HANDBOOKS, MANUALS, ETC
710 _aInternational Union of Pure and Applied Chemistry
710 _aInternational Program on Chemical Safety
995 _aANNEX COLLECTION (Main Library)
_D0.00
_e726386
_FCBU-MAIN LIBRARY (Kitwe)
_H1
_I19.95
_jQD 51 Che
_M1
_UAVAILABLE
_y020306
_ZAnnex Low-Usage Collection
995 _aANNEX COLLECTION (Main Library)
_D0.00
_e726385
_FCBU-MAIN LIBRARY (Kitwe)
_H2
_I19.95
_jQD 51 Che
_M2
_UAVAILABLE
_y020315
_ZAnnex Low-Usage Collection
999 _c79304
_d79304